000 00362 a2200145 4500
003 Nust
005 20170207171534.0
040 _cNust
082 _a005.1
100 _aVliet, Hans van
245 _aSoftware engineering: principles and practice (EBOOK)
_cHans van Vliet
260 _aNew York
_bJohn Wiley
_c2007
300 _a560 p.
650 _aSoftware engineering
942 _2ddc
_cBK
999 _c217168
_d217168